Социологическое исследование: методология, программа, методы

Xehetasun bibliografikoak
Egile nagusia: Ядов В. А. Владимир Александрович
Hizkuntza:errusiera
Argitaratua: Москва, Наука, 1987
Edizioa:2-е изд., перераб. и доп.
Gaiak:
Formatua: Liburua
KOHA link:https://koha.lib.tpu.ru/cgi-bin/koha/opac-detail.pl?biblionumber=15529

MARC

LEADER 00000nam0a2200000 4500
001 15529
005 20231030190241.0
035 |a (RuTPU)RU\TPU\book\15639 
035 |a BOOK00000009 
090 |a 15529 
100 |a 20011209d1987 k y0rusy50 ca 
101 0 |a rus 
102 |a RU 
105 |a y z 000zy 
200 1 |a Социологическое исследование: методология, программа, методы  |f В. А. Ядов 
205 |a 2-е изд., перераб. и доп. 
210 |a Москва  |c Наука  |d 1987 
215 |a 245 с. 
610 1 |a социология 
610 1 |a социологические исследования 
610 1 |a конкретно-социологические исследования 
686 |a С5в  |v LBC/SL-A  |2 rubbk 
700 1 |a Ядов  |b В. А.  |g Владимир Александрович 
801 0 |a RU  |b 63413507  |c 20011209  |g PSBO 
801 2 |a RU  |b 63413507  |c 20140412  |g PSBO 
900 |a Социология общественного мнения 
942 |c BK